| 000 | 00901nam a2200265 a 4500 | ||
|---|---|---|---|
| 001 | 25676 | ||
| 003 | CO-ViMGA | ||
| 008 | 141112s2004 ck r 000 u spa d | ||
| 020 | _a9789583508738 | ||
| 040 |
_aCO-ViMGA _bspa _cCO-ViMGA |
||
| 041 | _aSPA | ||
| 082 | 0 | 4 | _a340.115 L13 |
| 245 | 1 | 0 |
_aLa globalización y su incidencia en el ámbito socio jurídico colombiano / _ceditor Henry Bocanegra Acosta |
| 250 | _a1a ed., 1a reimpr | ||
| 260 |
_aBogotá : _bTemis, _c2013 |
||
| 300 | _a176 p. | ||
| 500 | _aIncluye bibliografía e índice general | ||
| 650 | 1 | 4 |
_aBIOética - ASPECTOS JURIDICOS _939493 |
| 650 | 1 | 4 |
_aDERECHO Y SOCIEDAD - COLOMBIA _939494 |
| 650 | 1 | 4 |
_aGLOBALIZACION - ASPECTOS JURIDICOS - COLOMBIA _939495 |
| 651 |
_aDERECHOS HUMANOS - COLOMBIA _939496 |
||
| 700 | 1 |
_aBocanegra Acosta, Henry, ed. _939497 |
|
| 700 | 1 |
_aBocanegra Acosta, Henry, ed. _939497 |
|
| 942 |
_2ddc _cBK |
||
| 999 |
_c5244 _d5244 |
||